书目信息 |
| 书名: | Fundamentals of marketing | |
| 作者: | William J. Stanton, Michael J. Etzel, Bruce J. Walker. | |
| 分册号: | ||
| 分册名: | 出版地: | New York : |
|
| 出版社: | McGraw-Hill | |
| 出版时间: | c1994. | |
| 页数: | xxviii, 697 p. : | |
| 开本: | 27 cm. | |
| 丛书名: | McGraw-Hill series in marketing | |
| 中图分类号: | ||
| 科图分类号: | ||
| 其他分类号: | F831.5 | |
| 主题词: | ||
| 电子资源: | ||
| 000 | 01105pam a2200313 a 450 | |
| 001 | E0759463364 | |
| 005 | 20070427163319.48 | |
| 008 | 930701s1993 nyuab b 001 0 eng | |
| 010 | @a93028550 | |
| 020 | @a0070610150 (alk. paper). | |
| 035 | @A(DLC) 93028550 | |
| 040 | @aDLC@cDLC@dDLC | |
| 050 | 00 | @aHF5415@b.S745 1994 |
| 082 | 00 | @a658.8@2 20 |
| 090 | @aF831.5 | |
| 099 | @dF831.5@ex23=10 | |
| 100 | 1 | @aStanton, William J. |
| 245 | 10 | @aFundamentals of marketing / @cWilliam J. Stanton, Michael J. Etzel, Bruce J. Walker. |
| 250 | @a10th ed. | |
| 260 | @aNew York :@bMcGraw-Hill,@cc1994. | |
| 300 | @axxviii, 697 p. :@bco;. ill., col. maps ;@c27 cm. | |
| 440 | 0 | @aMcGraw-Hill series in marketing |
| 504 | @aIncludes bibliographical references and indexes. | |
| 650 | 0 | @aMarketing. |
| 700 | 1 | @aWalker, Bruce J. |
| 700 | 1 | @aEtzel, Michael J. |
| 906 | @a7@bcbc@corignew@d1@eocip@f19@gy-gencatlg | |
| 955 | @apv03 to sa00 07-02-93; se55 07-02-93; se15 07-06-93; se50 07-07-93; aa03 07-07-93; CIP ver. pv06 12-01-93 | |
| 991 | @bc-GenColl@hHF5415@i.S745 1994@tCopy 1@wBOOKS | |
| Fundamentals of marketing / / William J. Stanton, Michael J. Etzel, Bruce J. Walker.-10th ed.-New York : : McGraw-Hill, , c1994. |
| xxviii, 697 p. : : co;. ill., col. maps ; ; 27 cm.- (McGraw-Hill series in marketing ) |
| Includes bibliographical references and indexes. |
| ISBN 0070610150 (alk. paper). |
| ● |
| 相关链接 |
|
|
|
|
正题名:Fundamentals of marketing
索取号:F831.5/x23=10
 
预约/预借
| 序号 | 登录号 | 条形码 | 馆藏地/架位号 | 状态 | 备注 |
| 1 | 5880 | 300058808 | 第二样本阅览室/ [索取号:F831.5/x23=10] | 在馆 | |
| 2 | 5881 | 300058817 | 密集书库/ [索取号:F831.5/x23=10] | 在馆 | |
| 3 | 5882 | 300058826 | 密集书库/ [索取号:F831.5/x23=10] | 在馆 | |
| 4 | 5883 | 300058835 | 第四借阅区/ [索取号:F831.5/x23=10] | 在馆 | |
| 5 | 5884 | 300058844 | 第四借阅区/ [索取号:F831.5/x23=10] | 在馆 |